000 00766nam a22001935i 4500
001 157485
003 ES-MaACL
005 20230906210715.0
008 991104s1862 fr a |||| | fre d
040 _aEUS
_bspa
_cEUS
100 1 _aLélut, Louis-François.
_9129181
245 1 0 _aPhysiologie de la pensée
_b: recherche critique des rapports du corps a l'esprit /
_cpar M. Lélut.
250 _aDeuxième édition.
260 _aParis :
_bLibrairie Académique Didier et C\pie\s...,
_c1862 (
_eParis :
_fImprimerie de P.-A. Bourdier et C\pie\s)
300 _a2 v. ([2] h., XXXII, 399 p.; [2] h., 478 p.) :
_bil. ;
_c19 cm.
710 2 1 _aDidier et Compagnie (
_cParís,
_eed.
_9134334
852 _aES-MaACL
_jG-15731-15732
_z-- Enc. hol.
999 _c157485
_d157485